Spolupráca je podmienkou trhu cestovného ruchu

Zmeny po r. 1989 priniesli aj podstatné zmeny do cestovného ruchu na Slovensku. Zameranie cestovných kancelárií na prudký rozvoj pasívneho cestovného ruchu. Postavenie hotelov v cestovnom ruchu na Slovensku. Vzťah medzi hotelmi a cestovnými kanceláriami. Vznik Slovenskej asociácie cestovných kancelá...

ver descrição completa

Na minha lista:
Detalhes bibliográficos
Autor principal: Kuliffay, Gabriel
Formato: Capítulo de Livro
Idioma:eslovaco
Assuntos:
Tags: Adicionar Tag
Sem tags, seja o primeiro a adicionar uma tag!

MARC

LEADER 00000naa a2200000 4500
001 r032192
005 20230724104501.1
041 0 |a slo 
044 |a SK 
245 1 0 |a Spolupráca je podmienkou trhu cestovného ruchu  |c Gabriel Kuliffay 
520 |a Zmeny po r. 1989 priniesli aj podstatné zmeny do cestovného ruchu na Slovensku. Zameranie cestovných kancelárií na prudký rozvoj pasívneho cestovného ruchu. Postavenie hotelov v cestovnom ruchu na Slovensku. Vzťah medzi hotelmi a cestovnými kanceláriami. Vznik Slovenskej asociácie cestovných kancelárií (SACK) a Zväzu hotelov a reštaurácií Slovenskej republiky (ZHR SR) a ich spolupráca. 
610 2 0 |a ruch cestovný 
610 2 0 |a hotely 
610 2 0 |a Slovensko 
610 2 0 |a kancelárie cestovné 
610 2 0 |a spolupráca podnikov 
610 2 0 |a propagácia 
610 2 0 |a etika podnikateľská 
100 1 |a Kuliffay, Gabriel